[Event "Mittelfranken-chTB1 1011"]
[Site "Germany"]
[Date "2011.01.23"]
[Round "5.7"]
[White "Fuchs, Johann"]
[Black "Ulusoy, Tolga"]
[Result "1/2-1/2"]
[WhiteElo "1913"]
[BlackElo "1959"]
[PlyCount "59"]
[EventDate "2010.09.26"]
[EventType "team-tourn"]
[EventRounds "9"]
[EventCountry "GER"]
[SourceTitle "EXT 2012"]
[Source "ChessBase"]
[SourceDate "2011.11.24"]
[SourceVersion "1"]
[SourceVersionDate "2011.11.24"]
[SourceQuality "1"]
[WhiteTeam "Nuernberg Sued SW III"]
[BlackTeam "Nuernberg NT III"]
[WhiteTeamCountry "GER"]
[BlackTeamCountry "GER"]

1. d4 Nf6 2. Bf4 c5 3. e3 g6 4. c3 d6 5. Nd2 Bg7 6. Be2 Bd7 7. Qb3 0-0 8. Bf3 Nc6 9. dxc5 e5 10. Bg5 dxc5 11. Ne4 Qe7 12. Ne2 Nd8 13. 0-0 Bc6 14. N2g3 Rc8 15. Rfd1 Rc7 16. Rd6 Ne6 17. Bxf6 Bxf6 18. Nxf6+ Qxf6 19. Bxc6 bxc6 20. Rad1 Qe7 21. Ne4 Kg7 22. Qc4 Qh4 23. Qd3 Rb8 24. b3 Rbb7 25. f3 h6 26. Qa6 Rb6 27. Qa5 Rb5 28. Qa6 Rb6 29. Qa5 Rb5 30. Qa6 1/2-1/2

[Event "Mittelfranken-chTB2a 0809"]
[Site "Mittelfranken"]
[Date "2008.12.07"]
[Round "3.4"]
[White "Auth, Bernhard"]
[Black "Fuchs, Johann"]
[Result "1/2-1/2"]
[WhiteElo "1755"]
[BlackElo "1934"]
[PlyCount "105"]
[EventDate "2008.10.12"]
[EventType "team"]
[EventRounds "9"]
[EventCountry "GER"]
[SourceTitle "EXT 2011"]
[Source "ChessBase"]
[SourceDate "2010.11.26"]
[SourceVersion "1"]
[SourceVersionDate "2010.11.26"]
[SourceQuality "1"]
[WhiteTeam "Bad Windsheim"]
[BlackTeam "Nuernberg Sued SW III"]
[WhiteTeamCountry "GER"]
[BlackTeamCountry "GER"]

1. Nf3 Nf6 2. c4 g6 3. g3 Bg7 4. Nc3 d5 5. cxd5 Nxd5 6. Nxd5 Qxd5 7. Bg2 0-0 8. 0-0 c6 9. d3 Na6 10. Qa4 Qh5 11. Qh4 Qxh4 12. Nxh4 e5 13. Rb1 Be6 14. b3 Rfe8 15. Bb2 Rad8 16. Nf3 Bf5 17. Nd2 Bg4 18. Rfe1 Nb4 19. h3 Be6 20. Nc4 Bd5 21. Red1 Bxg2 22. Kxg2 f5 23. a3 Na6 24. b4 Nc7 25. Na5 Rb8 26. e3 Nd5 27. Rbc1 Re7 28. Rc2 Rbe8 29. Rc4 Nb6 30. Rc2 Rd7 31. Rcd2 Red8 32. d4 e4 33. Rc2 Kf7 34. Rdc1 Ke6 35. Nb3 Na4 36. d5+ cxd5 37. Bxg7 Rxg7 38. Nd4+ Kf6 39. Nb5 a6 40. Nd4 Rdd7 41. b5 axb5 42. Nxb5 Nb6 43. Rc5 Na4 44. Rc8 Nb6 45. R8c5 Nc4 46. a4 Nb2 47. Ra1 Nd3 48. Rc8 Nb4 49. a5 Na6 50. Rac1 Rgf7 51. R1c3 Ke7 52. Rc1 Rd8 53. R8c3 1/2-1/2

[Event "Mittelfrankenliga-B2b 0506"]
[Site "Germany"]
[Date "2006.01.15"]
[Round "4.4"]
[White "Fuchs, Johann"]
[Black "Schulz, Wilfried"]
[Result "1/2-1/2"]
[WhiteElo "1960"]
[BlackElo "1918"]
[PlyCount "100"]
[EventDate "2005.10.16"]
[EventType "team"]
[EventRounds "9"]
[EventCountry "GER"]
[SourceTitle "EXT 2007"]
[Source "ChessBase"]
[SourceDate "2006.11.23"]
[SourceVersion "1"]
[SourceVersionDate "2006.11.23"]
[SourceQuality "1"]

1. d4 Nf6 2. Nf3 g6 3. Bf4 Bg7 4. e3 0-0 5. Be2 d6 6. c3 Nbd7 7. h3 Qe8 8. Bh2 e5 9. 0-0 e4 10. Nfd2 Qe7 11. c4 Ne8 12. Nc3 f5 13. Rc1 Ndf6 14. b4 Kh8 15. c5 d5 16. Qb3 Be6 17. a4 Rd8 18. b5 g5 19. a5 g4 20. hxg4 Nxg4 21. Bxg4 fxg4 22. Ne2 Rf5 23. Nf4 Bf7 24. Rfd1 Nf6 25. Nf1 Nh5 26. Ng3 Nxg3 27. Bxg3 h5 28. b6 axb6 29. cxb6 c6 30. a6 h4 31. Bh2 Rf6 32. Qa4 Ra8 33. Rb1 Be8 34. a7 Qf7 35. Qc2 Bd7 36. Qc3 Rh6 37. Rdc1 Bf8 38. Ra1 Bd6 39. Qe1 Qh7 40. Rcb1 h3 41. Bg3 Rf6 42. Kf1 hxg2+ 43. Ke2 Bxf4 44. Bxf4 Rxf4 45. exf4 Qh3 46. Kd2 Qd3+ 47. Kc1 g1Q 48. Qxg1 Qc3+ 49. Kd1 Qd3+ 50. Ke1 Qc3+ 1/2-1/2

[Event "Mittelfrankenliga-B2b 0506"]
[Site "Germany"]
[Date "2005.10.16"]
[Round "1.4"]
[White "Hoerath, Michael"]
[Black "Fuchs, Johann"]
[Result "1/2-1/2"]
[WhiteElo "1781"]
[BlackElo "1960"]
[PlyCount "94"]
[EventDate "2005.10.16"]
[EventType "team"]
[EventRounds "9"]
[EventCountry "GER"]
[SourceTitle "EXT 2007"]
[Source "ChessBase"]
[SourceDate "2006.11.23"]
[SourceVersion "1"]
[SourceVersionDate "2006.11.23"]
[SourceQuality "1"]

1. d4 Nf6 2. c4 g6 3. Nf3 Bg7 4. Nc3 d5 5. Qb3 c6 6. Bf4 0-0 7. e3 Qa5 8. Bd3 Nbd7 9. 0-0 Qb6 10. Qc2 dxc4 11. Bxc4 Nh5 12. Bg5 Qb4 13. Bb3 e5 14. Rfd1 exd4 15. Nxd4 Nc5 16. a3 Qa5 17. Ba2 Ne6 18. Be7 Nxd4 19. exd4 Re8 20. Bd6 Be6 21. b4 Qg5 22. Qd2 Qxd2 23. Rxd2 Rad8 24. Bg3 Bxa2 25. Nxa2 Nxg3 26. hxg3 Bxd4 27. Rad1 Bf6 28. Kf1 h5 29. Rd7 Kg7 30. R1d3 Rxd7 31. Rxd7 Rd8 32. Rxd8 Bxd8 33. Nc3 f5 34. b5 Kf6 35. bxc6 bxc6 36. Ke2 Ke5 37. Kd3 Ba5 38. Ne2 Bb6 39. f3 g5 40. Nc3 Bc5 41. a4 Bb4 42. Ne2 Kd5 43. Nd4 f4 44. gxf4 gxf4 45. Ne2 Bd6 46. Nc3+ Ke5 47. Ne4 Kd5 1/2-1/2